Estadísticas para 15 principales países afectados por Covid19 - 11 de mayo de 2022

Haz click aquí para intentar la prueba.

Estadísticas generales

  • Esta prueba ha sido intentada 16 veces
  • La puntuación promedio es 16 de 29

Estadísticas de respuestas

país% Correcto
Alemania
100%
Brasil
100%
España
100%
Estados Unidos
100%
Francia
100%
Italia
100%
Rusia
93%
India
87%
Japón
87%
Reino Unido
87%
Argentina
80%
Países Bajos
67%
Países Bajos
67%
Bélgica
60%
Austria
53%
Portugal
53%
Suiza
53%
Corea del Sur
47%
Turquía
40%
Dinamarca
20%
Chequia
13%
Eslovenia
13%
Estonia
13%
Israel
13%
Letonia
13%
Lituania
13%
Georgia
7%
Vietnam
7%
Chipre
0%

Distribución de puntuación

Porcentaje por número respondido

Porcentaje de gente con cada puntuación

Historial de tus puntuaciones

No has intentado esta prueba.